|
|
|
|
| LEADER |
01540cam a2200433 a 4500 |
| 001 |
nkc20142563542 |
| 003 |
CZ PrNK |
| 005 |
20160405150926.0 |
| 007 |
ta |
| 008 |
131217s2013 xr g f 000 0 cze d |
| 015 |
|
|
|a cnb002563542
|
| 020 |
|
|
|a 978-80-7402-155-8
|q (brož.)
|
| 035 |
|
|
|a (OCoLC)894842741
|
| 040 |
|
|
|a KLG001
|b cze
|d BOA001
|d ABA001
|
| 041 |
0 |
|
|a cze
|a eng
|
| 072 |
|
7 |
|a 811.111
|x Angličtina
|2 Konspekt
|9 11
|
| 080 |
|
|
|a 811.111
|2 MRF
|
| 080 |
|
|
|a 81'36
|2 MRF
|
| 080 |
|
|
|a (035)
|2 MRF
|
| 100 |
1 |
|
|a Tinková, Eva,
|d 1982-
|7 xx0102399
|4 aut
|
| 245 |
1 |
0 |
|a Anglická gramatika přehledně a komplexně /
|c Eva Tinková
|
| 246 |
3 |
|
|a Anglická gramatika - přehledně a komplexně
|
| 246 |
3 |
0 |
|a Anglická gramatika
|
| 250 |
|
|
|a Vyd. 1.
|
| 260 |
|
|
|a Prostějov :
|b Computer Media,
|c 2013
|
| 300 |
|
|
|a 271 s. ;
|c 23 cm
|
| 650 |
0 |
7 |
|a angličtina
|7 ph114056
|2 czenas
|
| 650 |
0 |
7 |
|a mluvnice
|7 ph115331
|2 czenas
|
| 650 |
0 |
9 |
|a English language
|2 eczenas
|
| 650 |
0 |
9 |
|a grammar
|2 eczenas
|
| 655 |
|
7 |
|a příručky
|7 fd133209
|2 czenas
|
| 655 |
|
9 |
|a handbooks and manuals
|2 eczenas
|
| 910 |
2 |
|
|a BOA001
|b 2-1320.651
|
| 990 |
|
|
|a BK
|
| 995 |
|
|
|a 01
|
| 991 |
|
|
|b 201403
|c NOV
|j 811.111 TIN
|e n
|
| 996 |
6 |
|
|b 2610585523
|c 2-1320.651
|l MZK
|r Sklad / do 1 hodiny
|n 1
|p p.v.
|w 001409622
|u 000010
|a 1
|e BOA001
|j MZK50
|s P
|
| 996 |
6 |
|
|b 2610585524
|c 2-1320.651
|l MZK
|r HSS 4p
|n 0
|p p.v.
|h 811.111 TIN
|w 001409622
|u 000020
|a 0
|e BOA001
|j MZK50
|s P
|
| 996 |
7 |
|
|b 2610599642
|c 2-1320.651
|l Vol.výběr
|r VV 1p
|n 32
|p kup
|h 811.111 TIN
|w 001409622
|u 000030
|a 0
|e BOA001
|j MZK50
|s A
|